|
|
|
|
| LEADER |
01845nam a2200445 i 4500 |
| 001 |
EBC5637213 |
| 003 |
MiAaPQ |
| 005 |
20200520144314.0 |
| 006 |
m o d | |
| 007 |
cr cnu|||||||| |
| 008 |
190212s2019 enk o 000 0 eng d |
| 020 |
|
|
|z 9781138616677
|
| 020 |
|
|
|a 9780429868085 (e-book)
|
| 035 |
|
|
|a (MiAaPQ)EBC5637213
|
| 035 |
|
|
|a (Au-PeEL)EBL5637213
|
| 035 |
|
|
|a (CaPaEBR)ebr11648146
|
| 035 |
|
|
|a (OCoLC)1082854752
|
| 040 |
|
|
|a MiAaPQ
|b eng
|e rda
|e pn
|c MiAaPQ
|d MiAaPQ
|
| 050 |
|
4 |
|a RA651
|b .A584 2019
|
| 082 |
0 |
|
|a 614.4
|2 23
|
| 245 |
0 |
4 |
|a The anthropology of epidemics /
|c edited by Ann H. Kelly, Frederic Keck and Christos Lynteris.
|
| 264 |
|
1 |
|a London ;
|a New York, New York :
|b Routledge,
|c 2019.
|
| 300 |
|
|
|a 1 online resource (195 pages).
|
| 336 |
|
|
|a text
|b txt
|2 rdacontent
|
| 337 |
|
|
|a computer
|b c
|2 rdamedia
|
| 338 |
|
|
|a online resource
|b cr
|2 rdacarrier
|
| 490 |
1 |
|
|a Routledge studies in health and medical anthropology
|
| 588 |
|
|
|a Description based on print version record.
|
| 590 |
|
|
|a Electronic reproduction. Ann Arbor, MI : ProQuest, 2018. Available via World Wide Web. Access may be limited to ProQuest affiliated libraries.
|
| 650 |
|
0 |
|a Epidemics.
|
| 650 |
|
0 |
|a Medical anthropology.
|
| 650 |
|
0 |
|a Public health
|x Anthropological aspects.
|
| 655 |
|
4 |
|a Electronic books.
|
| 700 |
1 |
|
|a Keck, Frederic,
|e editor.
|
| 700 |
1 |
|
|a Kelly, Ann H.,
|e editor.
|
| 700 |
1 |
|
|a Lynteris, Christos,
|e editor.
|
| 776 |
0 |
8 |
|i Print version:
|t Anthropology of epidemics.
|d London ; New York, New York : Routledge, 2019
|h 195 pages
|k Routledge studies in health and medical anthropology.
|z 9781138616677
|
| 797 |
2 |
|
|a ProQuest (Firm)
|
| 830 |
|
0 |
|a Routledge studies in health and medical anthropology.
|
| 856 |
4 |
0 |
|u https://ebookcentral.proquest.com/lib/matrademy/detail.action?docID=5637213
|z Click to View
|